000 00376nam a2200133Ia 4500
005 20260328101522.0
008 260328s9999||||xx |||||||||||||| ||und||
100 _aKlanten, Robert
245 0 _aBuild on :
_b Converted Architecture and transform Buildings /
_cRobert Klanten
260 _bGestalten
300 _a238 p.
650 _aCONSERVACIÓN Y RESTAURACIÓN
942 _cBK
999 _c9630
_d9630